5HLuxD.jpg

KING HENRY VIII SENIOR AND PRIMARY SCHOOL LIBRARY OPAC

Find him where you left him dead / (Record no. 5341)

000 -LEADER
fixed length control field 02169nam a2200325 i 4500
001 - CONTROL NUMBER
control field on1391698667
003 - CONTROL NUMBER IDENTIFIER
control field OCoLC
005 - DATE AND TIME OF LATEST TRANSACTION
control field 20250908102008.0
008 - FIXED-LENGTH DATA ELEMENTS--GENERAL INFORMATION
fixed length control field 231019s2023 nyu d 000 f eng d
020 ## - INTERNATIONAL STANDARD BOOK NUMBER
International Standard Book Number 9781250851147
040 ## - CATALOGING SOURCE
Original cataloging agency TOH
Language of cataloging eng
Description conventions rda
Transcribing agency TOH
Modifying agency YDX
-- BDX
-- ETC
-- OCLCQ
-- HBP
-- RNL
-- CaOL
-- KH8
082 ## - DEWEY DECIMAL CLASSIFICATION NUMBER
Classification number FIC SIM
100 1# - MAIN ENTRY--PERSONAL NAME
Personal name Simmons, Kristen,
Relator term author.
245 10 - TITLE STATEMENT
Title Find him where you left him dead /
Statement of responsibility, etc. Kristen Simmons.
264 #1 - PRODUCTION, PUBLICATION, DISTRIBUTION, MANUFACTURE, AND COPYRIGHT NOTICE
Place of production, publication, distribution, manufacture New York, NY :
Name of producer, publisher, distributor, manufacturer Tor Publiahing Group,
Date of production, publication, distribution, manufacture, or copyright notice 2023.
300 ## - PHYSICAL DESCRIPTION
Extent 260 pages :
Dimensions 22 cm.
336 ## - CONTENT TYPE
Content type term text
Content type code txt
Source rdacontent.
337 ## - MEDIA TYPE
Media type term unmediated
Media type code n
Source rdamedia.
338 ## - CARRIER TYPE
Carrier type term volume
Carrier type code nc
Source rdacarrier.
520 ## - SUMMARY, ETC.
Summary, etc. Four years ago, five kids started a game. Not all of them survived. Now, at the end of their senior year of high school, the survivors--Owen, Madeline, Emerson, and Dax--have reunited for one strange and terrible reason: they've been summoned by the ghost of Ian, the friend they left for dead. Together they return to the place where their friendship ended with one goal: find Ian and bring him home. So they restart the deadly game they never finished--an innocent card-matching challenge called Meido. A game without instructions. As soon as they begin, they're dragged out of their reality and into an eerie hellscape of Japanese underworlds, more horrifying than even the darkest folktales that Owen's grandmother told him. There, they meet Shinigami, an old wise woman who explains the rules: They have one night to complete seven challenges or they'll all be stuck in this world forever. Once inseparable, the survivors now can't stand each other, but the challenges demand they work together, think quickly, and make sacrifices--blood, clothes, secrets, memories, and worse. And once again, not everyone will make it out alive.
650 #0 - SUBJECT ADDED ENTRY--TOPICAL TERM
Topical term or geographic name entry element Friendship
Form subdivision Fiction.
650 #0 - SUBJECT ADDED ENTRY--TOPICAL TERM
Topical term or geographic name entry element Voyages to the otherworld
Form subdivision Fiction.
650 #0 - SUBJECT ADDED ENTRY--TOPICAL TERM
Topical term or geographic name entry element Card games
Form subdivision Fiction.
650 #0 - SUBJECT ADDED ENTRY--TOPICAL TERM
Topical term or geographic name entry element Survival
Form subdivision Fiction.
650 #7 - SUBJECT ADDED ENTRY--TOPICAL TERM
Topical term or geographic name entry element Horror fiction.
Source of heading or term lcgft
-- genre.
650 #7 - SUBJECT ADDED ENTRY--TOPICAL TERM
Topical term or geographic name entry element Thrillers (Fiction)
Source of heading or term lcgft
-- genre.
650 #7 - SUBJECT ADDED ENTRY--TOPICAL TERM
Topical term or geographic name entry element Ghost stories.
Source of heading or term lcgft
-- genre.
650 #7 - SUBJECT ADDED ENTRY--TOPICAL TERM
Topical term or geographic name entry element Fantasy fiction.
Source of heading or term lcgft
-- genre.
942 ## - ADDED ENTRY ELEMENTS (KOHA)
Source of classification or shelving scheme
Koha item type Books - Fiction
Holdings
Withdrawn status Lost status Source of classification or shelving scheme Damaged status Not for loan Collection code Permanent Location Current Location Shelving location Date acquired Full call number Barcode Date last seen Price effective from Koha item type
          Fiction KH8 Senior School Library KH8 Senior School Library Fiction 2025-09-08 FIC SIM 3KHSL000102391 2025-09-08 2025-09-08 Books - Fiction

Powered By KH8 IT Dept